<?xml version="1.0" encoding="UTF-8"?>
<marc:record xmlns:marc="http://www.loc.gov/MARC21/slim">
   <marc:leader>00000nam a2200000 a 4500</marc:leader>
   <marc:datafield ind1="1" ind2=" " tag="100">
      <marc:subfield code="a">Reinoß, Herbert</marc:subfield>
      <marc:subfield code="4">aut</marc:subfield>
      <marc:subfield code="e">Verfasser/-in</marc:subfield>
   </marc:datafield>
   <marc:datafield ind1=" " ind2=" " tag="653">
      <marc:subfield code="a">Heimat</marc:subfield>
   </marc:datafield>
   <marc:datafield ind1=" " ind2=" " tag="653">
      <marc:subfield code="a">Kindheitserinnerung</marc:subfield>
   </marc:datafield>
   <marc:datafield ind1=" " ind2=" " tag="653">
      <marc:subfield code="a">Klassenunterschiede</marc:subfield>
   </marc:datafield>
   <marc:datafield ind1="0" ind2="0" tag="245">
      <marc:subfield code="a">Frag den Wind und die Sterne</marc:subfield>
   </marc:datafield>
   <marc:datafield ind1="0" ind2="0" tag="245">
      <marc:subfield code="c">Herbert Reinoß</marc:subfield>
   </marc:datafield>
   <marc:datafield ind1=" " ind2="1" tag="264">
      <marc:subfield code="a">München</marc:subfield>
      <marc:subfield code="b">Langen Müller</marc:subfield>
   </marc:datafield>
   <marc:datafield ind1=" " ind2=" " tag="250">
      <marc:subfield code="a">Lizenzausgabe</marc:subfield>
   </marc:datafield>
   <marc:datafield ind1="1" ind2=" " tag="520">
      <marc:subfield code="a">Adam Hamm, dreißig Jahre alt, besucht nach acht Jahren seinen Geburtsort, ein kleines Dorf in Deutschland. Er hat Human-Medizin studiert und arbeitet als Wissenschafter in den USA. Sein Spezialgebiet ist Gen-Forschung. Die Familie, der er entstammt, lebt auf der untersten Stufe der Dorfhierarchie. Diesem engen heimatlichen Milieu ist er entwachsen, und nun nähert er sich den Menschen dort mit dem Hochmut des Arrivierten, der den Klassensprung geschafft hat. Auf Schritt und Tritt wird er mit seiner Kindheit konfrontiert, mit den Erniedrigungen und Demütigungen der damaligen Zeit, aber auch mit beglückenden Erlebnissen. Gegenwart, Vergangenheit und Zukunftsaspekte durchdringen sich und zwingen Adam zu einer Überprüfung seiner augenblicklichen Lebenssituation.</marc:subfield>
   </marc:datafield>
   <marc:datafield ind1=" " ind2=" " tag="300">
      <marc:subfield code="a">350 S.</marc:subfield>
   </marc:datafield>
</marc:record>
